Song to Year - 2020s - Statistics

General Stats
  • This quiz has been taken 134 times
  • The average score is 5 of 10
Answer Stats
Hint Answer % Correct
Anti-Hero (Taylor Swift) 2022
63%
As It Was (Harry Styles) 2022
56%
Mood (24kGoldn) 2020
54%
Bad Habit (Steve Lacy) 2022
47%
We Don't Talk About Bruno (Encanto) 2021
46%
Easy on Me (Adele) 2021
45%
Levitating (Dua Lipa) 2020
44%
Break My Soul (Beyoncé) 2022
43%
Last Night (Morgan Wallen) 2023
37%
Ella Baila Sola (Eslabon Armado & Peso Pluma) 2023
29%
No matching quizzes found
Score Distribution
Percent of People with Each Score
Percentile by Number Answered
Your Score History
You have not taken this quiz